| 000 | 01099nam a2200265Ia 4500 | ||
|---|---|---|---|
| 001 | 16290 | ||
| 003 | GE_BSU | ||
| 008 | 181216s||||||||xx |||||||||||||| ||und|| | ||
| 020 | _a9789941074530 | ||
| 040 | _cGE_BSU | ||
| 080 | _a342.9(479.22) | ||
| 100 | _aხარაზი, ია | ||
| 245 | _aსაქრთველოს საგადასახადო სამართალი. ნაწ. 1 | ||
| 245 | _bნაწ. 1 :(2015 წლის საგადასახადო კოდექსის თებერვლის თვის მდგომარეობით. | ||
| 245 | _cრედ: ზაურ ჯანჯღავა | ||
| 250 | _aმე-3 გადამუშავებული გამოცემა | ||
| 260 | _aთბილისი | ||
| 260 | _bგეორგიკა | ||
| 260 | _c2015 | ||
| 300 | _a740გვ;20სმ,+1CD` | ||
| 541 | _h30ლ. | ||
| 653 | _aსამართალი | ||
| 653 | _aსაქრთველოს საგადასახადო სამართალი. ნაწ. 1 | ||
| 942 | _cBK | ||
| 999 |
_c49373 _d49373 |
||